Le canal de Suez : Ferdinand de Lesseps intime /
محفوظ في:
المؤلف الرئيسي:
مؤلفون آخرون:
التنسيق: كتاب
اللغة: French
منشور في:
Paris :
Nouvelle Editions Latines,
1935.
الموضوعات:
الوسوم: إضافة وسم
لا توجد وسوم, كن أول من يضع وسما على هذه التسجيلة!
رقم الطلب: DS280.5 .L4 J5 1935
| LEADER | 00618cam a22002053 4500 | ||
|---|---|---|---|
| 001 | ocn503847397 | ||
| 003 | OSt | ||
| 005 | 20251216115529.0 | ||
| 008 | 900821s1935 fr 000 0 fre d | ||
| 040 | |c ARCE Library | ||
| 050 | 4 | |a DS280.5 .L4 J5 1935 | |
| 100 | 1 | |a Vincent, Jacques, |d 1850- | |
| 245 | 1 | 0 | |a Le canal de Suez : |b Ferdinand de Lesseps intime / |c by Jacques-Vincent (pseud). |
| 264 | 1 | |a Paris : |b Nouvelle Editions Latines, |c 1935. | |
| 300 | |a 219 pages ; |c 20 cm. | ||
| 651 | 0 | |a Suez Canal (Egypt) |x History. | |
| 700 | 0 | |a Jacques-Vincent, |c pseud. | |
| 901 | |a reviewed | ||
| 942 | |2 lcc |c BK | ||
| 999 | |c 55300 |d 55300 | ||
